Erdoganov obrat - a hneď dvojitý
Migračná dohoda medzi Tureckom a Európskou úniou. Ústretová rétorika R. Erdogana voči sýrskym migrantom v Turecku. Teroristický útok na letisko v Istanbule. Normalizácia vzťahov s Ruskom. Komplikované podnikateľské prostredie v Čiernomorí.
Salvato in:
| Autore principale: | |
|---|---|
| Natura: | Capitolo di libro |
| Lingua: | slovacco |
| Soggetti: | |
| Tags: |
Nessun Tag, puoi essere il primo ad aggiungerne!!
|
MARC
| LEADER | 00000naa a2200000 4500 | ||
|---|---|---|---|
| 001 | 0220621 | ||
| 005 | 20231113105253.1 | ||
| 041 | 0 | |a slo | |
| 044 | |a SK | ||
| 245 | 1 | 0 | |a Erdoganov obrat - a hneď dvojitý |c Adrian Peter Pressburg |
| 520 | |a Migračná dohoda medzi Tureckom a Európskou úniou. Ústretová rétorika R. Erdogana voči sýrskym migrantom v Turecku. Teroristický útok na letisko v Istanbule. Normalizácia vzťahov s Ruskom. Komplikované podnikateľské prostredie v Čiernomorí. | ||
| 610 | 2 | 0 | |a politika zahraničná |
| 610 | 2 | 0 | |a politika medzinárodná |
| 610 | 2 | 0 | |a vzťahy medzinárodné |
| 610 | 2 | 0 | |a migrácia nelegálna |
| 610 | 2 | 0 | |a terorizmus |
| 610 | 2 | 0 | |a dohody medzinárodné |
| 610 | 2 | 0 | |a prostredie podnikateľské |
| 610 | 2 | 0 | |a Turecko |
| 610 | 2 | 0 | |a Európska únia |
| 610 | 2 | 0 | |a Rusko |
| 100 | 1 | |a Pressburg, Adrian Peter | |